000 00736cab a2200253 4500
001 ABS52518
008 090401t1995 xxu||||| |||| 00| 0 eng d
035 _a(Sirsi) u83051
041 _aeng
100 _aKirkwood, J.
245 _aTBS-Rating
260 _c1995
350 _a0
490 _aEstates Gazette
_v(9512) 25 March 1995, 70-72(3)
520 _aIntroduces a new series of property software reviews with an assessment of Trace Solutions` TBS-Rating package.
650 _aNON-DOMESTIC PROPERTY
650 _aRATING
650 _aSOFTWARE PACKAGES
650 _aTBS-RATING
650 _aTRACE SOLUTIONS
690 _aMANAGEMENT-BUSINESS MANAGEMENT-INFORMATION MANAGEMENT
942 _n0
948 _c04/03/1997
999 _c52467
_d52467